Normal view
MARC view
- استراتيجيات حل المشكلة
Entry Topical Term
001 - CONTROL NUMBER
- control field: 43034
003 - CONTROL NUMBER IDENTIFIER
- control field: JO-AjAnu
005 - DATE AND TIME OF LATEST TRANSACTION
- control field: 20230606081133.0
008 - FIXED-LENGTH DATA ELEMENTS
- fixed length control field: 230606|| aca||aabn | a|a d
040 ## - CATALOGING SOURCE
- Original cataloging agency: JO-AjAnu
- Transcribing agency: JO-AjAnu
150 ## - HEADING--TOPICAL TERM
- Topical term or geographic name entry element: استراتيجيات حل المشكلة
670 ## - SOURCE DATA FOUND
- Source citation: Work cat.: (JO-AjAnu)22039: Fogler,Scott.H , Leblanc,Steven.E ،بدوي،رمضان مسعد/ترجمة, author 43033, استراتجيات للحل الإبداعي للمشكلة=Strategies for Creative Problem Solving